Les Pokemon de la 6G dans l'ordre alphabétique - Statistiques

Statistiques générales
  • Ce quiz a été pris 60 fois
  • Le résultat moyen est 62 sur 72
Statistiques - réponses
Type de quiz Nom % Correct
Eau/Ténébres Amphinobi
96%
Roche/Glace Amagara
93%
Spectre/Plante Banshitrouye
93%
Poison/Dragon Kravarech
93%
Plante/Combat Blindépique
89%
Plante Boguérisse
89%
Feu/Vol Braisillon
89%
Spectre/Plante Brocélôme
89%
Vol/Dragon Bruyverne
89%
Dragon Colimucus
89%
Spectre/Plante Desséliande
89%
Roche/Fée Diancie
89%
Acier/Spectre Dimoclès
89%
Roche/Glace Dragmara
89%
Acier/Spectre Exagide
89%
Normal/Sol Excavarenne
89%
Feu Feunnec
89%
Glace Grelaçon
89%
Électrik/Normal Iguolta
89%
Insecte Lépidonille
89%
Acier/Spectre Monorpale
89%
Dragon Mucuscule
89%
Dragon Muplodocus
89%
Feu/Normal Némélios
89%
Roche/Eau Opermine
89%
Spectre/Plante Pitrouille
89%
Roche/Dragon Ptyranidur
89%
Roche/Dragon Rexillius
89%
Glace Séracrawl
89%
Vol/Dragon Sonistrelle
89%
Acier/Fée Trousselin
89%
Poison/Eau Venalgue
89%
Feu/Eau Volcanion
89%
Fée Xerneas
89%
Ténèbres/Vol Yveltal
89%
Dragon/Sol Zygarde
89%
Combat/Vol Brutalibré
85%
Fée Cocotine
85%
Normal Couafarel
85%
Eau Crôaporal
85%
Fée Cupcanaille
85%
Électrik/Fée Dedenne
85%
Fée Flabébé
85%
Feu/Vol Flambusard
85%
Eau Flingouste
85%
Fée Florges
85%
Électrik/Normal Galvaran
85%
Eau Gamblast
85%
Roche/Eau Golgopathe
85%
Feu/Psy Goupelin
85%
Feu/Normal Hélionceau
85%
Plante Marisson
85%
Fée Nymphali
85%
Combat/Ténèbres Pandarbare
85%
Combat Pandespiègle
85%
Normal/Vol Passerouge
85%
Insecte Pérégrain
85%
Roche/Fée Strassie
85%
Fée Sucroquin
85%
Plante Chevroum
81%
Fée Floette
81%
Fée Fluvetin
81%
Eau Grenousse
81%
Psy/Spectre Hoopa
81%
Psy Mistigrix
81%
Insecte/Vol Prismillon
81%
Psy Psystigri
81%
Feu Roussil
81%
Normal Sapereau
81%
Ténèbres/Psy Sepiatop
81%
Ténèbres/Psy Sepiatroce
81%
Plante Cabriolaine
78%
Aucun quiz correspondant
Distribution des résultats
% des personnes avec chaque résultat
Percentile par nombre de réponses
Votre historique - résultats
Vous n’avez pas pris ce quiz